Historias de lectura : trayectorias de vida y de lectura /

Estudio realizado a partir de los relatos de obreros jubilados y de presos para examinar cómo ciertos factores tales como la situación social y personal que se viva, de las expectativas que se tengan en ese momento, etc., determinan la voluntad de leer o no leer a lo largo de diversos momentos de la...

Descripció completa

Guardat en:
Dades bibliogràfiques
Autor principal: Peroni, Michel (autor)
Format: Llibre
Idioma:espanyol
Publicat: México : Fondo de Cultura Económica, 2003, c2003
Col·lecció:(Espacios para la Lectura)
Matèries:
Etiquetes: Afegir etiqueta
Sense etiquetes, Sigues el primer a etiquetar aquest registre!

MARC

LEADER 00000nam^a2200000^a^4500
001 000300329
005 20250521000000.0
009 20260310112506.992
020 |a 968-16-6384-5 
037 |a Acervo ITESO - Biblioteca 
041 |a ESP 
082 |a 302. 232  |b ESP V. 1 
100 |a Peroni, Michel  |e (autor) 
245 1 0 |a Historias de lectura :  |b trayectorias de vida y de lectura /  |c M. Peroni ; pref. de Martine Poulain ; tr. por Diana Luz Sánchez. 
264 4 |a México :  |b Fondo de Cultura Económica,  |c 2003, c2003 
300 |a 171 p. 
336 |a texto  |b txt  |2 rdacontenido 
337 |a sin mediación  |b n  |2 rdamedio 
338 |a volumen  |b nc  |2 rdasoporte 
440 1 |a (Espacios para la Lectura) 
500 |a Traducción de: Histoires de lire. Lecture et parcours biographique 
520 |a Estudio realizado a partir de los relatos de obreros jubilados y de presos para examinar cómo ciertos factores tales como la situación social y personal que se viva, de las expectativas que se tengan en ese momento, etc., determinan la voluntad de leer o no leer a lo largo de diversos momentos de la vida. 
649 |a XX 
650 |a Lectores -  |x Condiciones Sociales y Culturales -  |x Tema Principal 
650 |a Ancianos -  |x Condiciones Sociales y Culturales 
650 |a Presos -  |x Condiciones Sociales y Culturales 
650 |a Identidad Personal 
650 |a Percepción Social 
650 |a Motivación 
650 |a Lectura -  |x Aspectos Sociales y Culturales -  |x Tema Principal 
650 |a Ocio y Tiempo Libre 
650 |a Prácticas Culturales 
650 |a Sociología de la Cultura 
650 |a Psicología Social 
910 |a Fondo General 
920 |a Impresos - Libros 
930 |a Colección General 
905 |a 101 
901 |a 0500186294  |b IT1  |c ACC  |i C123717  |u 20250521 
902 |a https://opac.biblio.iteso.mx/vufind/Record/000300329